Dirigeants de pays - Clic Quiz - Statistiques

Statistiques générales
  • Ce quiz a été pris 593 fois
  • Le résultat moyen est 13 sur 15
Statistiques - réponses
Hint Extra Hint Réponse % Correct
Corée du Nord Dirigeant de 1994 à 2011, il est le père de Kim Jong-un. Kim Jong-il
97%
Algérie Dirigeant en 2019, son nom arabe est عبد القـادر بن صالح. Abdelkader Bensalah
96%
France Dirigeant de 1958 à 1969, il a instauré la Vème République. Charles de Gaulle
96%
États-Unis Dirigeant de 1789 à 1797, c'est le premier président américain. George Washington
96%
Royaume-Uni Dirigeant de 1952 à 2022, il a le règne le plus long de l'histoire de ce pays. Élisabeth II
94%
Russie Dirigeant de 1928 à 1953, il est surnommé "le petit père des peuples". Joseph Staline
94%
Afrique du Sud Dirigeant de 1994 à 1999, il a lutté pendant des années contre l'apartheid. Nelson Mandela
94%
Allemagne Dirigeant de 2005 à 2021, il est doublé par François Bureloup dans Les Tuche 3. Angela Merkel
91%
Chine Dirigeant de 1943 à 1976, il a installé une dictature totalitaire. Mao Zedong
91%
Canada Premier ministre de 1980 à 1984, son fils est l'actuel Premier ministre. Pierre Elliot Trudeau
91%
Espagne Dirigeant de 1936 à 1975, il était un allié d'Hitler pendant la seconde guerre mondiale. Francisco Franco
87%
Brésil Dirigeant de 2019 à 2023, il créait de nombreuses polémiques notamment sexistes, homophobes et nazies. Jair Bolsonaro
84%
Italie Dirigeant de 1956 à 1957, c'est le mandat le plus court du pays. Enrico De Nicola
80%
Belgique Dirigeant de 1951 à 1993, pendant son règne la Belgique est devenue un état fédéral. Baudouin
77%
Chili Dirigeant de 2018 à 2022, il est décédé en 2024. Sebastián Piñera
77%
Aucun quiz correspondant
Distribution des résultats
% des personnes avec chaque résultat
Percentile par nombre de réponses
Votre historique - résultats
Vous n’avez pas pris ce quiz